平成の大合併で廃止された市町村 - Statistics

General Stats
  • This quiz has been taken 201 times
  • The average score is 194 of 1798
Answer Stats
市町村 % Correct
下伊那郡 | 球磨郡 上村
66%
西白河郡 東村
61%
空知郡 北村
60%
出水郡 | 稲敷郡 東町
60%
佐波郡 | 勢多郡 | 吾妻郡 東村
60%
多野郡 新町
59%
射水郡 下村
58%
多可郡 中町
58%
苫田郡 富村
54%
大宮市
46%
中郡 | 度会郡 大宮町
46%
大野郡 宮村
45%
亀田郡 | 佐伯郡 | 大野郡 大野町
44%
九戸郡 大野村
44%
東礪波郡 平村
44%
北諸県郡 | 香取郡 山田町
43%
婦負郡 山田村
43%
山田市
43%
浦和市
40%
上川郡 | 丹生郡 朝日町
38%
大野郡 | 岩船郡 | 東田川郡 朝日村
38%
豊田郡 豊町
38%
東山梨郡 | 真壁郡 大和村
36%
佐賀郡 | 南魚沼郡 | 山門郡 | +2 others 大和町
36%
瀬棚郡 瀬棚町
35%
与野市
35%
安房郡 和田町
35%
小県郡 和田村
35%
阿寒郡 阿寒町
34%
静内郡 静内町
34%
黒磯市
34%
北宇和郡 | 秩父郡 | 西蒲原郡 | +2 others 吉田町
34%
田無市
34%
鈴鹿郡 関町
34%
八日市市
34%
邑智郡 大和村
34%
飯石郡 吉田村
34%
賀茂郡 大和町
34%
佐賀郡 富士町
34%
三石郡 三石町
33%
水沢市
33%
岩槻市
33%
丹生郡 | 有田郡 清水町
33%
清水市
33%
古川市
31%
保谷市
31%
吉城郡 古川町
31%
亀田郡 椴法華村
30%
上磯郡 上磯町
30%
江刺市
30%
八束郡 | 相馬郡 | 鹿島郡 鹿島町
30%
阿武郡 | 鹿島郡 旭村
30%
両津市
30%
久米郡 | 東加茂郡 | 那賀郡 旭町
30%
渥美郡 渥美町
30%
薩摩郡 鹿島村
30%
国分市
30%
厚田郡 厚田村
29%
有珠郡 | 秩父郡 大滝村
29%
常呂郡 留辺蘂町
29%
網走郡 女満別町
29%
西津軽郡 柏村
29%
河内郡 河内町
29%
石川郡 河内村
29%
揖斐郡 春日村
29%
上野市
29%
氷上郡 春日町
29%
宮古郡 上野村
29%
下北郡 | 温泉郡 川内町
28%
岩井市
28%
新治郡 新治村
28%
今市市
28%
佐原市
28%
津久井郡 津久井町
28%
大原郡 | 相楽郡 | 苫田郡 加茂町
28%
城崎郡 日高町
28%
川内市
28%
亀田郡 戸井町
26%
仙北郡 角館町
26%
下益城郡 | 東茨城郡 | 那須郡 小川町
26%
利根郡 新治村
26%
匝瑳郡 光町
26%
宍粟郡 | 宝飯郡 | 東八代郡 | 津名郡 一宮町
26%
天竜市
26%
城崎郡 城崎町
26%
浜益郡 浜益村
25%
紋別郡 白滝村
25%
白糠郡 音別町
25%
常呂郡 常呂町
25%
仙北郡 太田町
25%
岩瀬郡 岩瀬村
25%
西茨城郡 岩瀬町
25%
多野郡 中里村
25%
八日市場市
25%
宇陀郡 | 榛原郡 榛原町
25%
西春日井郡 春日町
25%
賀茂郡 河内町
25%
虻田郡 洞爺村
24%
北津軽郡 中里町
24%
加美郡 小野田町
24%
由利郡 由利町
24%
大曲市
24%
安達郡 安達町
24%
原町市
24%
下館市
24%
那須郡 烏山町
24%
新田郡 新田町
24%
大里郡 大里町
24%
夷隅郡 | 英田郡 大原町
24%
印旛郡 印旛村
24%
南魚沼郡 六日町
24%
中蒲原郡 亀田町
24%
三島郡 三島町
24%
中魚沼郡 中里村
24%
上新川郡 | 日田郡 大山町
24%
浜北市
24%
双三郡 | 天田郡 三和町
24%
小野田市
24%
沙流郡 門別町
23%
虻田郡 虻田町
23%
本吉郡 本吉町
23%
本荘市
23%
猿島郡 | 神石郡 | 西彼杵郡 三和町
23%
入間郡 大井町
23%
児玉郡 児玉町
23%
鳩ヶ谷市
23%
佐渡郡 相川町
23%
東頸城郡 牧村
23%
中頸城郡 三和村
23%
新津市
23%
白根市
23%
武生市
23%
額田郡 額田町
23%
員弁郡 員弁町
23%
西彼杵郡 | 高島郡 高島町
23%
御津郡 | 揖保郡 御津町
23%
島尻郡 大里村
23%
亀田郡 恵山町
21%
茅部郡 南茅部町
21%
勇払郡 鵡川町
21%
東津軽郡 蟹田町
21%
上北郡 下田町
21%
胆沢郡 胆沢町
21%
栗原郡 栗駒町
21%
伊達郡 伊達町
21%
猿島郡 猿島町
21%
筑波郡 伊奈町
21%
那須郡 西那須野町
21%
山武郡 横芝町
21%
津久井郡 藤野町
21%
北松浦郡 | 宗像郡 | 東頸城郡 大島村
21%
西蒲原郡 巻町
21%
大島郡 | 射水郡 | 西彼杵郡 大島町
21%
松任市
21%
南巨摩郡 白根町
21%
西八代郡 上九一色村
21%
宝飯郡 御津町
21%
桑名郡 長島町
21%
三原郡 三原町
21%
出石郡 出石町
21%
三池郡 高田町
21%
日置郡 市来町
21%
姶良郡 蒲生町
21%
茅部郡 砂原町
20%
久遠郡 大成町
20%
紋別郡 上湧別町
20%
西津軽郡 木造町
20%
西津軽郡 車力村
20%
東津軽郡 三厩村
20%
南秋田郡 昭和町
20%
仙北郡 田沢湖町
20%
真壁郡 真壁町
20%
那須郡 塩原町
20%
下都賀郡 都賀町
20%
群馬郡 群馬町
20%
安房郡 富山町
20%
中頸城郡 頸城村
20%
豊栄市
20%
古志郡 山古志村
20%
新湊市
20%
温泉郡 | 鹿島郡 中島町
20%
北桑田郡 | 山県郡 | 足羽郡 美山町
20%
坂井郡 坂井町
20%
東筑摩郡 坂井村
20%
北設楽郡 富山村
20%
野洲郡 野洲町
20%
高島郡 マキノ町
20%
南河内郡 美原町
20%
美方郡 温泉町
20%
日高郡 美山村
20%
勝田郡 勝田町
20%
賀茂郡 豊栄町
20%
美馬郡 脇町
20%
大川郡 大川町
20%
上浮穴郡 小田町
20%
串木野市
20%
紋別郡 生田原町
19%
紋別郡 丸瀬布町
19%
三戸郡 | 南会津郡 | 東臼杵郡 南郷村
19%
上北郡 上北町
19%
九戸郡 山形村
19%
登米郡 登米町
19%
南那珂郡 | 遠田郡 南郷町
19%
郡上郡 | 飽海郡 八幡町
19%
海津郡 | 飽海郡 平田町
19%
下都賀郡 | 綾歌郡 国分寺町
19%
下都賀郡 岩舟町
19%
利根郡 利根村
19%
利根郡 水上町
19%
夷隅郡 夷隅町
19%
南蒲原郡 下田村
19%
栃尾市
19%
婦負郡 婦中町
19%
坂井郡 芦原町
19%
東八代郡 石和町
19%
木曽郡 山口村
19%
南佐久郡 佐久町
19%
南安曇郡 三郷村
19%
磐田郡 豊田町
19%
庵原郡 蒲原町
19%
幡豆郡 幡豆町
19%
安芸郡 美里村
19%
蒲生郡 蒲生町
19%
相楽郡 木津町
19%
津名郡 津名町
19%
海草郡 美里町
19%
平田市
19%
甲奴郡 甲奴町
19%
徳山市
19%
三好郡 | 小豆郡 池田町
19%
中村市
19%
幡多郡 十和村
19%
東臼杵郡 北川町
19%
瀬棚郡 北檜山町
18%
枝幸郡 歌登町
18%
南津軽郡 浪岡町
18%
南津軽郡 碇ヶ関村
18%
和賀郡 | 大島郡 | 安達郡 | 登米郡 東和町
18%
胆沢郡 前沢町
18%
牡鹿郡 牡鹿町
18%
志田郡 | 曽於郡 | 飽海郡 松山町
18%
由利郡 仁賀保町
18%
三豊郡 | 山本郡 山本町
18%
多賀郡 十王町
18%
西茨城郡 友部町
18%
員弁郡 | 塩谷郡 藤原町
18%
下都賀郡 | 西加茂郡 藤岡町
18%
南高来郡 | 吾妻郡 吾妻町
18%
上福岡市
18%
北葛飾郡 栗橋町
18%
東葛飾郡 沼南町
18%
塩山市
18%
更埴市
18%
下水内郡 豊田村
18%
益田郡 小坂町
18%
賀茂郡 賀茂村
18%
引佐郡 引佐町
18%
東加茂郡 足助町
18%
海部郡 甚目寺町
18%
志摩郡 | 糸島郡 志摩町
18%
名賀郡 青山町
18%
一志郡 一志町
18%
甲賀郡 水口町
18%
甲賀郡 信楽町
18%
滋賀郡 志賀町
18%
養父郡 養父町
18%
朝来郡 和田山町
18%
城崎郡 竹野町
18%
那賀郡 那賀町
18%
東伯郡 北条町
18%
比婆郡 東城町
18%
豊浦郡 豊田町
18%
海部郡 海部町
18%
大川郡 大内町
18%
北条市
18%
上県郡 峰町
18%
八代郡 泉村
18%
爾志郡 熊石町
16%
広尾郡 忠類村
16%
空知郡 栗沢町
16%
勇払郡 穂別町
16%
勇払郡 追分町
16%
勇払郡 早来町
16%
北津軽郡 小泊村
16%
南津軽郡 平賀町
16%
中津軽郡 岩木町
16%
上北郡 百石町
16%
岩手郡 松尾村
16%
西磐井郡 花泉町
16%
和賀郡 湯田町
16%
桃生郡 | 雄勝郡 雄勝町
16%
桃生郡 河北町
16%
仙北郡 | 吉城郡 神岡町
16%
由利郡 象潟町
16%
西田川郡 温海町
16%
伊達郡 梁川町
16%
南会津郡 田島町
16%
山県郡 | 新治郡 | 神埼郡 千代田町
16%
東臼杵郡 | 行方郡 北浦町
16%
下都賀郡 石橋町
16%
塩谷郡 栗山村
16%
佐波郡 境町
16%
北葛飾郡 鷲宮町
16%
山武郡 松尾町
16%
津久井郡 相模湖町
16%
北魚沼郡 小出町
16%
西頸城郡 青海町
16%
北蒲原郡 中条町
16%
恵那郡 | 西礪波郡 福岡町
16%
南条郡 南条町
16%
大飯郡 大飯町
16%
南都留郡 勝山村
16%
上水内郡 中条村
16%
尾西市
16%
西春日井郡 西春町
16%
久居市
16%
甲賀郡 甲賀町
16%
高島郡 朽木村
16%
愛知郡 愛知川町
16%
伊香郡 余呉町
16%
船井郡 園部町
16%
氷上郡 氷上町
16%
宍粟郡 山崎町
16%
神崎郡 神崎町
16%
日高郡 川辺町
16%
東牟婁郡 本宮町
16%
川上郡 川上町
16%
京都郡 | 真庭郡 勝山町
16%
真庭郡 | 阿武郡 川上村
16%
川之江市
16%
東予市
16%
東諸県郡 高岡町
16%
常呂郡 端野町
15%
上川郡 風連町
15%
網走郡 東藻琴村
15%
上北郡 十和田湖町
15%
大原郡 | 小笠郡 | 東磐井郡 大東町
15%
登米郡 石越町
15%
桃生郡 桃生町
15%
遠田郡 小牛田町
15%
志田郡 鹿島台町
15%
玉造郡 鳴子町
15%
河辺郡 河辺町
15%
由利郡 岩城町
15%
由利郡 大内町
15%
仙北郡 仙北町
15%
北秋田郡 阿仁町
15%
田村郡 船引町
15%
耶麻郡 山都町
15%
安達郡 本宮町
15%
行方郡 麻生町
15%
猿島郡 総和町
15%
上都賀郡 足尾町
15%
勢多郡 富士見村
15%
北松浦郡 | 多野郡 | 浮羽郡 | 赤磐郡 吉井町
15%
山武郡 成東町
15%
中頸城郡 | 美嚢郡 吉川町
15%
西礪波郡 福光町
15%
東礪波郡 城端町
15%
鳳珠郡 門前町
15%
三方郡 三方町
15%
大野郡 和泉村
15%
坂井郡 丸岡町
15%
坂井郡 三国町
15%
吉城郡 | 多気郡 宮川村
15%
本巣郡 本巣町
15%
恵那郡 川上村
15%
田方郡 修善寺町
15%
田方郡 土肥町
15%
小笠郡 小笠町
15%
庵原郡 富士川町
15%
渥美郡 赤羽根町
15%
海部郡 佐屋町
15%
西春日井郡 西枇杷島町
15%
宝飯郡 小坂井町
15%
幡豆郡 吉良町
15%
一志郡 白山町
15%
東浅井郡 浅井町
15%
東浅井郡 びわ町
15%
養父郡 八鹿町
15%
朝来郡 朝来町
15%
多可郡 加美町
15%
伊予郡 | 西伯郡 中山町
15%
西宇和郡 | 赤磐郡 瀬戸町
15%
佐伯郡 佐伯町
15%
比婆郡 西城町
15%
因島市
15%
玖珂郡 玖珂町
15%
喜多郡 河辺村
15%
香美郡 吉川村
15%
幡多郡 佐賀町
15%
石川市
15%
西津軽郡 森田村
14%
北津軽郡 金木町
14%
中津軽郡 相馬村
14%
気仙郡 三陸町
14%
桃生郡 矢本町
14%
北会津郡 北会津村
14%
伊達郡 霊山町
14%
南会津郡 伊南村
14%
新治郡 霞ヶ浦町
14%
鹿島郡 波崎町
14%
行方郡 玉造町
14%
安蘇郡 葛生町
14%
塩谷郡 氏家町
14%
勢多郡 大胡町
14%
勢多郡 赤城村
14%
碓氷郡 松井田町
14%
北足立郡 | 日置郡 吹上町
14%
比企郡 都幾川村
14%
南埼玉郡 菖蒲町
14%
東葛飾郡 関宿町
14%
海上郡 海上町
14%
安房郡 千倉町
14%
津久井郡 城山町
14%
西頸城郡 能生町
14%
玖珂郡 | 石川郡 美川町
14%
北巨摩郡 小淵沢町
14%
南安曇郡 安曇村
14%
益田郡 金山町
14%
大川郡 | 郡上郡 白鳥町
14%
羽島郡 柳津町
14%
浜名郡 舞阪町
14%
引佐郡 三ケ日町
14%
浜名郡 新居町
14%
葉栗郡 木曽川町
14%
西春日井郡 清洲町
14%
幡豆郡 一色町
14%
南牟婁郡 鵜殿村
14%
甲賀郡 甲西町
14%
高島郡 今津町
14%
伊香郡 木之本町
14%
日置郡 | 船井郡 日吉町
14%
多紀郡 篠山町
14%
氷上郡 柏原町
14%
三原郡 緑町
14%
城崎郡 香住町
14%
日高郡 南部町
14%
隠岐郡 五箇村
14%
和気郡 佐伯町
14%
佐伯郡 能美町
14%
麻植郡 美郷村
14%
阿波郡 阿波町
14%
上浮穴郡 美川村
14%
越智郡 岩城村
14%
北宇和郡 日吉村
14%
吾川郡 吾川村
14%
浮羽郡 浮羽町
14%
川辺郡 川辺町
14%
紋別郡 湧別町
13%
西津軽郡 稲垣村
13%
下北郡 大畑町
13%
南津軽郡 常盤村
13%
西津軽郡 岩崎村
13%
南津軽郡 尾上町
13%
三戸郡 名川町
13%
三戸郡 福地村
13%
下閉伊郡 | 勢多郡 新里村
13%
東磐井郡 千厩町
13%
下閉伊郡 川井村
13%
栗原郡 築館町
13%
桃生郡 河南町
13%
由利郡 矢島町
13%
仙北郡 | 真壁郡 協和町
13%
平鹿郡 十文字町
13%
那珂郡 美和村
13%
稲敷郡 江戸崎町
13%
北相馬郡 藤代町
13%
結城郡 石下町
13%
安蘇郡 田沼町
13%
芳賀郡 二宮町
13%
利根郡 月夜野町
13%
山田郡 大間々町
13%
入間郡 名栗村
13%
比企郡 玉川村
13%
大里郡 江南町
13%
北埼玉郡 騎西町
13%
北埼玉郡 北川辺町
13%
印旛郡 本埜村
13%
佐渡郡 小木町
13%
南魚沼郡 塩沢町
13%
射水郡 小杉町
13%
南条郡 今庄町
13%
中巨摩郡 甲西町
13%
西八代郡 市川大門町
13%
羽島郡 | 麻植郡 川島町
13%
武儀郡 武儀町
13%
安八郡 墨俣町
13%
磐田郡 佐久間町
13%
榛原郡 川根町
13%
庵原郡 由比町
13%
東加茂郡 下山村
13%
海部郡 十四山村
13%
海部郡 七宝町
13%
海部郡 | 玖珂郡 美和町
13%
阿山郡 伊賀町
13%
桑名郡 多度町
13%
飯南郡 飯南町
13%
高島郡 新旭町
13%
坂田郡 | 朝来郡 山東町
13%
東浅井郡 虎姫町
13%
蒲生郡 安土町
13%
中郡 峰山町
13%
三原郡 西淡町
13%
三原郡 南淡町
13%
津名郡 北淡町
13%
美方郡 美方町
13%
美方郡 浜坂町
13%
龍野市
13%
佐用郡 | 小城郡 三日月町
13%
加東郡 社町
13%
東伯郡 泊村
13%
厚狭郡 | 赤磐郡 山陽町
13%
甲奴郡 上下町
13%
沼隈郡 沼隈町
13%
新南陽市
13%
熊毛郡 熊毛町
13%
吉敷郡 小郡町
13%
三好郡 三好町
13%
喜多郡 長浜町
13%
前原市
13%
加世田市
13%
揖宿郡 山川町
13%
下北郡 脇野沢村
11%
東津軽郡 平舘村
11%
上北郡 天間林村
11%
下閉伊郡 田老町
11%
東磐井郡 川崎村
11%
栗原郡 金成町
11%
登米郡 迫町
11%
本吉郡 志津川町
11%
北秋田郡 鷹巣町
11%
平鹿郡 平鹿町
11%
由利郡 金浦町
11%
稲敷郡 茎崎町
11%
筑波郡 谷和原村
11%
勢多郡 粕川村
11%
大里郡 妻沼町
11%
北葛飾郡 庄和町
11%
大里郡 川本町
11%
大里郡 花園町
11%
東伯郡 | 香取郡 大栄町
11%
山武郡 山武町
11%
北蒲原郡 | 豊浦郡 豊浦町
11%
北蒲原郡 水原町
11%
中頸城郡 清里村
11%
東礪波郡 福野町
11%
東礪波郡 庄川町
11%
婦負郡 八尾町
11%
遠敷郡 上中町
11%
今立郡 今立町
11%
中巨摩郡 竜王町
11%
東山梨郡 春日居町
11%
東八代郡 八代町
11%
南安曇郡 穂高町
11%
吉城郡 河合村
11%
恵那郡 明智町
11%
養老郡 上石津町
11%
磐田郡 水窪町
11%
西加茂郡 小原村
11%
東加茂郡 稲武町
11%
中島郡 祖父江町
11%
南設楽郡 鳳来町
11%
宝飯郡 音羽町
11%
阿山郡 阿山町
11%
一志郡 | 藤津郡 嬉野町
11%
一志郡 三雲町
11%
一志郡 美杉村
11%
坂田郡 近江町
11%
神崎郡 能登川町
11%
伊香郡 西浅井町
11%
熊野郡 久美浜町
11%
津名郡 淡路町
11%
多可郡 黒田庄町
11%
揖保郡 揖保川町
11%
加東郡 滝野町
11%
加東郡 東条町
11%
飾磨郡 夢前町
11%
東牟婁郡 古座町
11%
伊都郡 花園村
11%
八束郡 八束町
11%
邇摩郡 仁摩町
11%
真庭郡 八束村
11%
英田郡 東粟倉村
11%
神石郡 神石町
11%
御調郡 御調町
11%
比婆郡 高野町
11%
山門郡 | 麻植郡 山川町
11%
綾歌郡 綾歌町
11%
伊予三島市
11%
周桑郡 小松町
11%
越智郡 玉川町
11%
越智郡 朝倉村
11%
朝倉郡 朝倉町
11%
北松浦郡 福島町
11%
出水郡 野田町
11%
川辺郡 知覧町
11%
島尻郡 具志川村
11%
具志川市
11%
三戸郡 倉石村
10%
東磐井郡 東山町
10%
上閉伊郡 宮守村
10%
加美郡 宮崎町
10%
栗原郡 一迫町
10%
玉造郡 岩出山町
10%
由利郡 鳥海町
10%
北秋田郡 合川町
10%
平鹿郡 増田町
10%
田村郡 常葉町
10%
大沼郡 会津本郷町
10%
伊達郡 保原町
10%
耶麻郡 熱塩加納村
10%
久慈郡 金砂郷町
10%
那珂郡 瓜連町
10%
東茨城郡 内原町
10%
東茨城郡 桂村
10%
西茨城郡 岩間町
10%
東茨城郡 美野里町
10%
塩谷郡 喜連川町
10%
那須郡 湯津上村
10%
那須郡 黒羽町
10%
那須郡 南那須町
10%
河内郡 上河内町
10%
群馬郡 箕郷町
10%
北群馬郡 伊香保町
10%
秩父郡 荒川村
10%
秩父郡 両神村
10%
大里郡 | 志太郡 岡部町
10%
香取郡 小見川町
10%
西頸城郡 名立町
10%
西蒲原郡 西川町
10%
東蒲原郡 上川村
10%
南蒲原郡 栄町
10%
岩船郡 荒川町
10%
北魚沼郡 川口町
10%
下新川郡 宇奈月町
10%
河北郡 高松町
10%
河北郡 宇ノ気町
10%
石川郡 鶴来町
10%
能美郡 根上町
10%
羽咋郡 志雄町
10%
丹生郡 織田町
10%
丹生郡 宮崎村
10%
丹生郡 越廼村
10%
遠敷郡 名田庄村
10%
中巨摩郡 櫛形町
10%
中巨摩郡 芦安村
10%
北巨摩郡 長坂町
10%
北巨摩郡 大泉村
10%
南都留郡 秋山村
10%
東山梨郡 勝沼町
10%
吉城郡 | 岩美郡 国府町
10%
田方郡 韮山町
10%
田方郡 大仁町
10%
榛原郡 金谷町
10%
海部郡 佐織町
10%
西春日井郡 新川町
10%
西春日井郡 師勝町
10%
員弁郡 北勢町
10%
一志郡 香良洲町
10%
野洲郡 中主町
10%
甲賀郡 甲南町
10%
高島郡 安曇川町
10%
坂田郡 米原町
10%
伊香郡 高月町
10%
船井郡 和知町
10%
南高来郡 | 船井郡 | 邑智郡 瑞穂町
10%
天田郡 夜久野町
10%
三好郡 | 相楽郡 山城町
10%
氷上郡 山南町
10%
佐用郡 上月町
10%
飾磨郡 家島町
10%
添上郡 月ヶ瀬村
10%
山辺郡 都祁村
10%
宇陀郡 | 西牟婁郡 大塔村
10%
隠岐郡 西郷町
10%
大津郡 | 那賀郡 三隅町
10%
邇摩郡 温泉津町
10%
邑久郡 牛窓町
10%
邑久郡 邑久町
10%
久米郡 久米町
10%
苫田郡 阿波村
10%
赤磐郡 熊山町
10%
山県郡 加計町
10%
豊田郡 本郷町
10%
深安郡 神辺町
10%
玖珂郡 由宇町
10%
玖珂郡 錦町
10%
玖珂郡 本郷村
10%
三豊郡 詫間町
10%
東宇和郡 宇和町
10%
上浮穴郡 久万町
10%
越智郡 伯方町
10%
吾川郡 伊野町
10%
甘木市
10%
神埼郡 神埼町
10%
壱岐郡 石田町
10%
福江市
10%
八代郡 東陽村
10%
直入郡 荻町
10%
西国東郡 大田村
10%
東臼杵郡 西郷村
10%
宮崎郡 田野町
10%
肝属郡 高山町
10%
姶良郡 隼人町
10%
熊毛郡 屋久町
10%
揖宿郡 頴娃町
10%
大口市
10%
姶良郡 姶良町
10%
平良市
10%
稗貫郡 石鳥谷町
9%
二戸郡 浄法寺町
9%
九戸郡 種市町
9%
胆沢郡 衣川村
9%
桃生郡 北上町
9%
本吉郡 歌津町
9%
南秋田郡 天王町
9%
山本郡 二ツ井町
9%
東田川郡 余目町
9%
大沼郡 会津高田町
9%
伊達郡 月舘町
9%
相馬郡 小高町
9%
那珂郡 山方町
9%
那珂郡 緒川村
9%
久慈郡 水府村
9%
真壁郡 関城町
9%
真壁郡 明野町
9%
鹿島郡 鉾田町
9%
鹿島郡 大洋村
9%
上都賀郡 西方町
9%
勢多郡 宮城村
9%
勢多郡 黒保根村
9%
群馬郡 倉渕村
9%
新田郡 笠懸町
9%
吾妻郡 六合村
9%
安房郡 白浜町
9%
佐渡郡 赤泊村
9%
中頸城郡 柿崎町
9%
東頸城郡 松代町
9%
東蒲原郡 三川村
9%
刈羽郡 西山町
9%
東礪波郡 利賀村
9%
婦負郡 細入村
9%
射水郡 大門町
9%
鳳至郡 能都町
9%
江沼郡 山中町
9%
吉田郡 松岡町
9%
坂井郡 春江町
9%
北巨摩郡 明野村
9%
北巨摩郡 武川村
9%
南巨摩郡 鰍沢町
9%
南安曇郡 豊科町
9%
小県郡 長門町
9%
上伊那郡 高遠町
9%
本巣郡 根尾村
9%
益田郡 萩原町
9%
郡上郡 美並村
9%
大野郡 久々野町
9%
大野郡 荘川村
9%
海津郡 海津町
9%
田方郡 天城湯ケ島町
9%
小笠郡 浜岡町
9%
小笠郡 | 豊浦郡 菊川町
9%
田方郡 伊豆長岡町
9%
浜名郡 雄踏町
9%
榛原郡 本川根町
9%
榛原郡 相良町
9%
北設楽郡 津具村
9%
志摩郡 阿児町
9%
三重郡 | 厚狭郡 楠町
9%
度会郡 南勢町
9%
北牟婁郡 紀伊長島町
9%
度会郡 二見町
9%
安芸郡 安濃町
9%
愛知郡 湖東町
9%
坂田郡 伊吹町
9%
東浅井郡 湖北町
9%
北桑田郡 京北町
9%
氷上郡 市島町
9%
揖保郡 新宮町
9%
吉野郡 西吉野村
9%
那賀郡 粉河町
9%
有田郡 吉備町
9%
八頭郡 郡家町
9%
簸川郡 大社町
9%
簸川郡 斐川町
9%
和気郡 日生町
9%
真庭郡 落合町
9%
世羅郡 世羅西町
9%
豊田郡 安芸津町
9%
安芸郡 音戸町
9%
三豊郡 | 豊田郡 豊浜町
9%
板野郡 吉野町
9%
香川郡 香川町
9%
宇摩郡 土居町
9%
宇摩郡 新宮村
9%
温泉郡 重信町
9%
越智郡 大三島町
9%
土佐郡 本川村
9%
土佐郡 土佐山村
9%
香美郡 土佐山田町
9%
三潴郡 三潴町
9%
鞍手郡 宮田町
9%
小城郡 小城町
9%
南松浦郡 若松町
9%
下益城郡 松橋町
9%
牛深市
9%
北海部郡 佐賀関町
9%
速見郡 山香町
9%
姶良郡 横川町
9%
北津軽郡 市浦村
8%
岩手郡 安代町
8%
岩手郡 西根町
8%
東磐井郡 室根村
8%
岩手郡 玉山村
8%
加美郡 中新田町
8%
栗原郡 志波姫町
8%
栗原郡 瀬峰町
8%
栗原郡 花山村
8%
登米郡 中田町
8%
登米郡 南方町
8%
登米郡 米山町
8%
本吉郡 津山町
8%
志田郡 三本木町
8%
本吉郡 唐桑町
8%
仙北郡 | 西八代郡 六郷町
8%
北秋田郡 比内町
8%
仙北郡 西木村
8%
山本郡 八森町
8%
山本郡 峰浜村
8%
東田川郡 藤島町
8%
東田川郡 羽黒町
8%
田村郡 都路村
8%
南会津郡 舘岩村
8%
利根郡 | 安達郡 白沢村
8%
久慈郡 里美村
8%
稲敷郡 桜川村
8%
新治郡 八郷町
8%
那須郡 馬頭町
8%
河内郡 南河内町
8%
下都賀郡 大平町
8%
多野郡 万場町
8%
群馬郡 榛名町
8%
安房郡 天津小湊町
8%
夷隅郡 岬町
8%
西蒲原郡 黒埼町
8%
佐渡郡 佐和田町
8%
佐渡郡 羽茂町
8%
西蒲原郡 味方村
8%
刈羽郡 小国町
8%
中頸城郡 妙高村
8%
刈羽郡 高柳町
8%
北蒲原郡 紫雲寺町
8%
北蒲原郡 加治川村
8%
三島郡 寺泊町
8%
三島郡 与板町
8%
東礪波郡 井波町
8%
東礪波郡 上平村
8%
鹿島郡 能登島町
8%
坂井郡 金津町
8%
南都留郡 河口湖町
8%
中巨摩郡 双葉町
8%
北巨摩郡 須玉町
8%
北巨摩郡 白州町
8%
南巨摩郡 増穂町
8%
北佐久郡 望月町
8%
東筑摩郡 明科町
8%
東筑摩郡 本城村
8%
木曽郡 木曽福島町
8%
北安曇郡 八坂村
8%
上水内郡 信州新町
8%
益田郡 下呂町
8%
恵那郡 岩村町
8%
吉城郡 上宝村
8%
恵那郡 付知町
8%
可児郡 兼山町
8%
田方郡 戸田村
8%
南設楽郡 作手村
8%
志摩郡 大王町
8%
志摩郡 磯部町
8%
度会郡 紀勢町
8%
度会郡 南島町
8%
北牟婁郡 海山町
8%
度会郡 小俣町
8%
度会郡 御薗村
8%
愛知郡 秦荘町
8%
船井郡 丹波町
8%
船井郡 八木町
8%
多紀郡 西紀町
8%
多紀郡 今田町
8%
養父郡 大屋町
8%
氷上郡 青垣町
8%
朝来郡 生野町
8%
宍粟郡 波賀町
8%
津名郡 五色町
8%
宇陀郡 大宇陀町
8%
日高郡 龍神村
8%
西伯郡 西伯町
8%
東伯郡 | 東臼杵郡 | 薩摩郡 東郷町
8%
邑智郡 邑智町
8%
飯石郡 三刀屋町
8%
簸川郡 多伎町
8%
八束郡 美保関町
8%
仁多郡 横田町
8%
邑久郡 長船町
8%
阿哲郡 大佐町
8%
阿哲郡 哲多町
8%
阿哲郡 哲西町
8%
真庭郡 久世町
8%
英田郡 英田町
8%
浅口郡 金光町
8%
豊田郡 大崎町
8%
綾歌郡 飯山町
8%
香川郡 香南町
8%
仲多度郡 満濃町
8%
宇摩郡 別子山村
8%
越智郡 弓削町
8%
越智郡 魚島村
8%
西宇和郡 三崎町
8%
土佐郡 鏡村
8%
香美郡 赤岡町
8%
高岡郡 窪川町
8%
築上郡 大平村
8%
嘉穂郡 嘉穂町
8%
佐賀郡 久保田町
8%
下県郡 厳原町
8%
北松浦郡 鷹島町
8%
阿蘇郡 阿蘇町
8%
八代郡 鏡町
8%
本渡市
8%
大野郡 三重町
8%
北諸県郡 高城町
8%
東臼杵郡 北郷村
8%
南那珂郡 北郷町
8%
薩摩郡 祁答院町
8%
薩摩郡 里村
8%
薩摩郡 薩摩町
8%
日置郡 伊集院町
8%
名瀬市
8%
和賀郡 沢内村
6%
稗貫郡 大迫町
6%
東磐井郡 藤沢町
6%
栗原郡 鶯沢町
6%
栗原郡 若柳町
6%
仙北郡 仙南村
6%
平鹿郡 雄物川町
6%
平鹿郡 大森町
6%
田村郡 大越町
6%
大沼郡 新鶴村
6%
西白河郡 大信村
6%
安達郡 岩代町
6%
耶麻郡 塩川町
6%
伊達郡 飯野町
6%
行方郡 牛堀町
6%
東茨城郡 御前山村
6%
東茨城郡 常北町
6%
稲敷郡 新利根町
6%
多野郡 鬼石町
6%
甘楽郡 妙義町
6%
北埼玉郡 川里町
6%
児玉郡 神泉村
6%
香取郡 干潟町
6%
海上郡 飯岡町
6%
安房郡 富浦町
6%
山武郡 蓮沼村
6%
佐渡郡 金井町
6%
佐渡郡 真野町
6%
北魚沼郡 入広瀬村
6%
東頸城郡 浦川原村
6%
中頸城郡 中郷村
6%
南蒲原郡 中之島町
6%
中頸城郡 妙高高原町
6%
北蒲原郡 黒川村
6%
三島郡 和島村
6%
西蒲原郡 分水町
6%
岩船郡 山北町
6%
上新川郡 大沢野町
6%
石川郡 白峰村
6%
吉田郡 上志比村
6%
中巨摩郡 八田村
6%
東八代郡 御坂町
6%
北都留郡 上野原町
6%
上水内郡 | 下益城郡 豊野町
6%
南佐久郡 八千穂村
6%
上水内郡 牟礼村
6%
東筑摩郡 波田町
6%
本巣郡 真正町
6%
本巣郡 糸貫町
6%
郡上郡 明宝村
6%
恵那郡 山岡町
6%
揖斐郡 谷汲村
6%
揖斐郡 藤橋村
6%
大野郡 清見村
6%
恵那郡 加子母村
6%
榛原郡 中川根町
6%
富士郡 芝川町
6%
中島郡 平和町
6%
海部郡 八開村
6%
員弁郡 大安町
6%
阿山郡 島ヶ原村
6%
阿山郡 大山田村
6%
飯南郡 飯高町
6%
度会郡 大内山村
6%
安芸郡 河芸町
6%
安芸郡 芸濃町
6%
多気郡 勢和村
6%
甲賀郡 石部町
6%
神崎郡 永源寺町
6%
竹野郡 網野町
6%
竹野郡 丹後町
6%
竹野郡 弥栄町
6%
加佐郡 大江町
6%
養父郡 関宮町
6%
出石郡 但東町
6%
宍粟郡 千種町
6%
津名郡 東浦町
6%
多可郡 | 高田郡 八千代町
6%
宍粟郡 安富町
6%
神崎郡 香寺町
6%
北葛城郡 新庄町
6%
宇陀郡 室生村
6%
海草郡 下津町
6%
東牟婁郡 熊野川町
6%
有田郡 金屋町
6%
東伯郡 東伯町
6%
東伯郡 羽合町
6%
西伯郡 淀江町
6%
八頭郡 八東町
6%
邑智郡 石見町
6%
美濃郡 美都町
6%
大原郡 木次町
6%
仁多郡 仁多町
6%
那賀郡 弥栄村
6%
鹿足郡 六日市町
6%
久米郡 柵原町
6%
英田郡 美作町
6%
吉備郡 真備町
6%
浅口郡 鴨方町
6%
小豆郡 | 沼隈郡 内海町
6%
佐伯郡 吉和村
6%
高田郡 美土里町
6%
安芸郡 倉橋町
6%
御調郡 向島町
6%
佐伯郡 湯来町
6%
佐伯郡 宮島町
6%
都濃郡 鹿野町
6%
阿武郡 田万川町
6%
大津郡 日置町
6%
吉敷郡 秋穂町
6%
阿武郡 阿東町
6%
美馬郡 穴吹町
6%
三好郡 | 三豊郡 三野町
6%
大川郡 志度町
6%
木田郡 牟礼町
6%
綾歌郡 綾南町
6%
南宇和郡 内海村
6%
越智郡 波方町
6%
伊予郡 双海町
6%
北宇和郡 津島町
6%
幡多郡 西土佐村
6%
香美郡 野市町
6%
朝倉郡 | 香美郡 夜須町
6%
朝倉郡 三輪町
6%
北松浦郡 田平町
6%
南高来郡 加津佐町
6%
天草郡 松島町
6%
宇土郡 不知火町
6%
阿蘇郡 一の宮町
6%
宮崎郡 佐土原町
6%
宮崎郡 清武町
6%
鹿児島郡 桜島町
6%
川辺郡 大浦町
6%
肝属郡 串良町
6%
大島郡 笠利町
6%
姶良郡 加治木町
6%
島尻郡 仲里村
6%
岩手郡 滝沢村
5%
登米郡 豊里町
5%
桃生郡 鳴瀬町
5%
遠田郡 田尻町
5%
河辺郡 雄和町
5%
由利郡 西目町
5%
由利郡 東由利町
5%
仙北郡 西仙北町
5%
仙北郡 南外村
5%
南秋田郡 飯田川町
5%
南秋田郡 若美町
5%
北秋田郡 | 肝属郡 田代町
5%
平鹿郡 山内村
5%
山本郡 八竜町
5%
東田川郡 櫛引町
5%
田村郡 滝根町
5%
岩瀬郡 長沼町
5%
河沼郡 河東町
5%
西白河郡 表郷村
5%
耶麻郡 高郷村
5%
西茨城郡 七会村
5%
結城郡 千代川村
5%
新治郡 玉里村
5%
上都賀郡 粟野町
5%
佐波郡 赤堀町
5%
新田郡 尾島町
5%
北埼玉郡 南河原村
5%
北埼玉郡 大利根町
5%
香取郡 栗源町
5%
北蒲原郡 安田町
5%
北魚沼郡 守門村
5%
中頸城郡 大潟町
5%
西蒲原郡 岩室村
5%
三島郡 越路町
5%
東蒲原郡 津川町
5%
中蒲原郡 村松町
5%
河北郡 七塚町
5%
鹿島郡 田鶴浜町
5%
石川郡 尾口村
5%
鳳至郡 柳田村
5%
羽咋郡 富来町
5%
中巨摩郡 若草町
5%
南都留郡 足和田村
5%
中巨摩郡 敷島町
5%
西八代郡 下部町
5%
北巨摩郡 高根町
5%
東山梨郡 牧丘町
5%
中巨摩郡 田富町
5%
東八代郡 芦川村
5%
上水内郡 戸隠村
5%
下伊那郡 南信濃村
5%
木曽郡 三岳村
5%
下伊那郡 清内路村
5%
山県郡 高富町
5%
本巣郡 穂積町
5%
郡上郡 高鷲村
5%
郡上郡 和良村
5%
恵那郡 上矢作町
5%
大野郡 高根村
5%
武儀郡 板取村
5%
武儀郡 洞戸村
5%
武儀郡 武芸川町
5%
恵那郡 坂下町
5%
恵那郡 蛭川村
5%
土岐郡 笠原町
5%
田方郡 中伊豆町
5%
榛原郡 御前崎町
5%
磐田郡 福田町
5%
磐田郡 竜洋町
5%
磐田郡 豊岡村
5%
引佐郡 細江町
5%
海部郡 立田村
5%
南牟婁郡 紀和町
5%
甲賀郡 土山町
5%
神崎郡 五個荘町
5%
愛知郡 愛東町
5%
与謝郡 加悦町
5%
与謝郡 岩滝町
5%
多紀郡 丹南町
5%
美方郡 村岡町
5%
神崎郡 大河内町
5%
日高郡 中津村
5%
西牟婁郡 中辺路町
5%
那賀郡 打田町
5%
那賀郡 貴志川町
5%
伊都郡 高野口町
5%
岩美郡 福部村
5%
八頭郡 河原町
5%
気高郡 気高町
5%
気高郡 鹿野町
5%
西伯郡 岸本町
5%
隠岐郡 布施村
5%
隠岐郡 都万村
5%
八束郡 宍道町
5%
八束郡 東出雲町
5%
後月郡 芳井町
5%
苫田郡 奥津町
5%
都窪郡 清音村
5%
和気郡 吉永町
5%
上房郡 北房町
5%
浅口郡 船穂町
5%
御津郡 建部町
5%
高田郡 甲田町
5%
山県郡 戸河内町
5%
安芸郡 江田島町
5%
安芸郡 蒲刈町
5%
豊田郡 安浦町
5%
御調郡 久井町
5%
豊田郡 瀬戸田町
5%
豊浦郡 豊北町
5%
阿武郡 須佐町
5%
阿武郡 福栄村
5%
大津郡 油谷町
5%
吉敷郡 阿知須町
5%
美祢郡 美東町
5%
麻植郡 鴨島町
5%
美馬郡 美馬町
5%
三好郡 東祖谷山村
5%
三好郡 西祖谷山村
5%
海部郡 由岐町
5%
海部郡 日和佐町
5%
大川郡 引田町
5%
西宇和郡 三瓶町
5%
東宇和郡 野村町
5%
越智郡 生名村
5%
南宇和郡 城辺町
5%
喜多郡 五十崎町
5%
越智郡 大西町
5%
高岡郡 仁淀村
5%
香美郡 香我美町
5%
幡多郡 大正町
5%
宗像郡 福間町
5%
鞍手郡 若宮町
5%
田川郡 金田町
5%
嘉穂郡 | 大分郡 庄内町
5%
杵島郡 山内町
5%
上県郡 上県町
5%
上県郡 上対馬町
5%
南松浦郡 奈留町
5%
西彼杵郡 伊王島町
5%
南高来郡 愛野町
5%
南高来郡 南有馬町
5%
南高来郡 北有馬町
5%
南高来郡 深江町
5%
宇土郡 三角町
5%
鹿本郡 鹿北町
5%
鹿本郡 鹿本町
5%
八代郡 坂本村
5%
天草郡 天草町
5%
下益城郡 城南町
5%
南海部郡 本匠村
5%
大野郡 千歳村
5%
大分郡 挾間町
5%
大分郡 湯布院町
5%
東国東郡 武蔵町
5%
東国東郡 安岐町
5%
日置郡 松元町
5%
薩摩郡 鶴田町
5%
日置郡 東市来町
5%
日置郡 金峰町
5%
姶良郡 福山町
5%
曽於郡 志布志町
5%
肝属郡 吾平町
5%
熊毛郡 上屋久町
5%
栗原郡 高清水町
4%
仙北郡 千畑町
4%
仙北郡 中仙町
4%
北秋田郡 森吉町
4%
山本郡 琴丘町
4%
東田川郡 立川町
4%
北群馬郡 子持村
4%
匝瑳郡 野栄町
4%
安房郡 三芳村
4%
香取郡 下総町
4%
佐渡郡 新穂村
4%
佐渡郡 畑野町
4%
北魚沼郡 堀之内町
4%
中頸城郡 板倉町
4%
西蒲原郡 月潟村
4%
西蒲原郡 潟東村
4%
中魚沼郡 川西町
4%
東礪波郡 井口村
4%
能美郡 寺井町
4%
珠洲郡 内浦町
4%
鹿島郡 鹿西町
4%
羽咋郡 押水町
4%
南条郡 河野村
4%
東山梨郡 三富村
4%
西八代郡 三珠町
4%
小県郡 東部町
4%
上水内郡 鬼無里村
4%
東筑摩郡 四賀村
4%
南安曇郡 奈川村
4%
木曽郡 楢川村
4%
南佐久郡 臼田町
4%
北佐久郡 浅科村
4%
南安曇郡 堀金村
4%
木曽郡 日義村
4%
木曽郡 開田村
4%
北安曇郡 美麻村
4%
小県郡 丸子町
4%
小県郡 真田町
4%
山県郡 伊自良村
4%
本巣郡 巣南町
4%
揖斐郡 坂内村
4%
大野郡 丹生川村
4%
海津郡 南濃町
4%
吾川郡 | 周智郡 春野町
4%
磐田郡 龍山村
4%
志太郡 大井川町
4%
志摩郡 浜島町
4%
佐用郡 南光町
4%
北葛城郡 當麻町
4%
宇陀郡 菟田野町
4%
東伯郡 赤碕町
4%
気高郡 青谷町
4%
日野郡 溝口町
4%
東伯郡 関金町
4%
飯石郡 赤来町
4%
八束郡 島根町
4%
鹿足郡 日原町
4%
鹿足郡 柿木村
4%
上房郡 有漢町
4%
川上郡 成羽町
4%
上房郡 賀陽町
4%
勝田郡 勝北町
4%
小田郡 美星町
4%
児島郡 灘崎町
4%
下益城郡 | 久米郡 中央町
4%
英田郡 作東町
4%
浅口郡 寄島町
4%
芦品郡 新市町
4%
安芸郡 下蒲刈町
4%
豊田郡 川尻町
4%
双三郡 吉舎町
4%
世羅郡 甲山町
4%
山県郡 筒賀村
4%
佐伯郡 大柿町
4%
神石郡 豊松村
4%
山県郡 芸北町
4%
賀茂郡 黒瀬町
4%
大島郡 久賀町
4%
玖珂郡 大畠町
4%
阿武郡 むつみ村
4%
佐波郡 徳地町
4%
美祢郡 秋芳町
4%
阿波郡 市場町
4%
三好郡 井川町
4%
那賀郡 那賀川町
4%
海部郡 海南町
4%
大川郡 長尾町
4%
大川郡 津田町
4%
三豊郡 高瀬町
4%
三豊郡 豊中町
4%
南宇和郡 御荘町
4%
周桑郡 丹原町
4%
喜多郡 肱川町
4%
越智郡 菊間町
4%
越智郡 関前村
4%
吾川郡 吾北村
4%
香美郡 香北町
4%
浮羽郡 田主丸町
4%
朝倉郡 杷木町
4%
嘉穂郡 碓井町
4%
山門郡 瀬高町
4%
糸島郡 二丈町
4%
東松浦郡 厳木町
4%
東松浦郡 呼子町
4%
杵島郡 福富町
4%
三養基郡 中原町
4%
東臼杵郡 | 杵島郡 北方町
4%
神埼郡 脊振村
4%
壱岐郡 郷ノ浦町
4%
南松浦郡 上五島町
4%
西彼杵郡 香焼町
4%
北高来郡 高来町
4%
西彼杵郡 西彼町
4%
南高来郡 口之津町
4%
八代郡 千丁町
4%
八代郡 宮原町
4%
菊池郡 合志町
4%
鹿本郡 植木町
4%
下毛郡 耶馬溪町
4%
南海部郡 鶴見町
4%
南海部郡 宇目町
4%
宇佐郡 院内町
4%
大野郡 緒方町
4%
東国東郡 国東町
4%
北諸県郡 高崎町
4%
北諸県郡 山之口町
4%
薩摩郡 上甑村
4%
薩摩郡 下甑村
4%
揖宿郡 喜入町
4%
肝属郡 大根占町
4%
肝属郡 根占町
4%
曽於郡 大隅町
4%
川辺郡 笠沙町
4%
姶良郡 霧島町
4%
姶良郡 牧園町
4%
伊佐郡 菱刈町
4%
宮古郡 城辺町
4%
宮古郡 下地町
4%
島尻郡 知念村
4%
雄勝郡 稲川町
3%
平鹿郡 大雄村
3%
新田郡 藪塚本町
3%
北群馬郡 小野上村
3%
安房郡 丸山町
3%
北蒲原郡 京ヶ瀬村
3%
北蒲原郡 笹神村
3%
北魚沼郡 広神村
3%
中蒲原郡 横越町
3%
中蒲原郡 小須戸町
3%
西蒲原郡 中之口村
3%
東頸城郡 松之山町
3%
東蒲原郡 鹿瀬町
3%
岩船郡 神林村
3%
能美郡 辰口町
3%
南巨摩郡 富沢町
3%
東八代郡 境川村
3%
中巨摩郡 玉穂町
3%
東八代郡 豊富村
3%
東八代郡 中道町
3%
埴科郡 戸倉町
3%
北佐久郡 北御牧村
3%
更級郡 大岡村
3%
南安曇郡 梓川村
3%
上水内郡 三水村
3%
下伊那郡 浪合村
3%
小県郡 武石村
3%
上伊那郡 長谷村
3%
益田郡 馬瀬村
3%
恵那郡 串原村
3%
武儀郡 上之保村
3%
小笠郡 大須賀町
3%
与謝郡 野田川町
3%
日高郡 南部川町
3%
那賀郡 桃山町
3%
海草郡 野上町
3%
西牟婁郡 日置川町
3%
八頭郡 用瀬町
3%
西伯郡 名和町
3%
八頭郡 船岡町
3%
飯石郡 掛合町
3%
簸川郡 湖陵町
3%
那賀郡 金城町
3%
川上郡 備中町
3%
苫田郡 上齋原村
3%
赤磐郡 赤坂町
3%
真庭郡 湯原町
3%
真庭郡 美甘村
3%
豊田郡 東野町
3%
高田郡 向原町
3%
双三郡 三良坂町
3%
双三郡 作木村
3%
佐伯郡 沖美町
3%
神石郡 油木町
3%
山県郡 大朝町
3%
山県郡 豊平町
3%
賀茂郡 福富町
3%
比婆郡 比和町
3%
大島郡 橘町
3%
玖珂郡 周東町
3%
那賀郡 相生町
3%
那賀郡 上那賀町
3%
那賀郡 木頭村
3%
美馬郡 一宇村
3%
三好郡 三加茂町
3%
那賀郡 羽ノ浦町
3%
香川郡 塩江町
3%
三豊郡 財田町
3%
上浮穴郡 面河村
3%
上浮穴郡 柳谷村
3%
南宇和郡 | 西彼杵郡 西海町
3%
南宇和郡 一本松町
3%
北宇和郡 広見町
3%
越智郡 宮窪町
3%
西宇和郡 保内町
3%
北宇和郡 三間町
3%
高岡郡 東津野村
3%
吾川郡 池川町
3%
香美郡 物部村
3%
幡多郡 大方町
3%
宗像郡 玄海町
3%
宗像郡 津屋崎町
3%
築上郡 築城町
3%
八女郡 黒木町
3%
東松浦郡 鎮西町
3%
南高来郡 | 天草郡 | 曽於郡 | 杵島郡 有明町
3%
三養基郡 三根町
3%
神埼郡 三瀬村
3%
藤津郡 塩田町
3%
神埼郡 東脊振村
3%
西松浦郡 西有田町
3%
壱岐郡 芦辺町
3%
南松浦郡 岐宿町
3%
南松浦郡 新魚目町
3%
西彼杵郡 野母崎町
3%
西彼杵郡 多良見町
3%
北高来郡 森山町
3%
北高来郡 飯盛町
3%
南高来郡 | 東国東郡 国見町
3%
南高来郡 西有家町
3%
南高来郡 有家町
3%
北松浦郡 宇久町
3%
北松浦郡 小佐々町
3%
球磨郡 免田町
3%
球磨郡 深田村
3%
阿蘇郡 波野村
3%
菊池郡 西合志町
3%
天草郡 五和町
3%
大野郡 野津町
3%
下毛郡 本耶馬渓町
3%
下毛郡 三光村
3%
南海部郡 米水津村
3%
日田郡 前津江村
3%
日田郡 中津江村
3%
宇佐郡 安心院町
3%
大野郡 犬飼町
3%
大野郡 清川村
3%
直入郡 直入町
3%
西諸県郡 須木村
3%
西諸県郡 野尻町
3%
日置郡 郡山町
3%
姶良郡 吉松町
3%
肝属郡 佐多町
3%
曽於郡 末吉町
3%
曽於郡 財部町
3%
肝属郡 内之浦町
3%
川辺郡 坊津町
3%
姶良郡 溝辺町
3%
曽於郡 輝北町
3%
揖宿郡 開聞町
3%
大島郡 住用村
3%
中頭郡 勝連町
3%
宮古郡 伊良部町
3%
島尻郡 東風平町
3%
島尻郡 具志頭村
3%
島尻郡 玉城村
3%
島尻郡 佐敷町
3%
雄勝郡 皆瀬村
1%
勢多郡 北橘村
1%
北魚沼郡 湯之谷町
1%
東頸城郡 安塚町
1%
石川郡 吉野谷村
1%
石川郡 鳥越村
1%
鹿島郡 鳥屋町
1%
北巨摩郡 中富町
1%
更級郡 上山田町
1%
東筑摩郡 坂北村
1%
揖斐郡 久瀬村
1%
西伯郡 会見町
1%
八頭郡 佐治村
1%
能義郡 広瀬町
1%
能義郡 伯太町
1%
邑智郡 桜江町
1%
美濃郡 匹見町
1%
飯石郡 頓原町
1%
簸川郡 佐田町
1%
八束郡 玉湯町
1%
八束郡 八雲村
1%
御津郡 加茂川町
1%
都窪郡 山手村
1%
阿哲郡 神郷町
1%
真庭郡 中和村
1%
豊田郡 木江町
1%
高田郡 高宮町
1%
双三郡 君田村
1%
双三郡 布野村
1%
比婆郡 口和町
1%
甲奴郡 総領町
1%
那賀郡 木沢村
1%
美馬郡 木屋平村
1%
美馬郡 貞光町
1%
板野郡 土成町
1%
海部郡 宍喰町
1%
大川郡 寒川町
1%
木田郡 庵治町
1%
綾歌郡 綾上町
1%
東宇和郡 明浜町
1%
東宇和郡 城川町
1%
伊予郡 広田村
1%
南海部郡 | 越智郡 上浦町
1%
高岡郡 葉山村
1%
高岡郡 大野見村
1%
三井郡 北野町
1%
三潴郡 城島町
1%
朝倉郡 小石原村
1%
築上郡 新吉富村
1%
田川郡 方城町
1%
京都郡 犀川町
1%
京都郡 豊津町
1%
嘉穂郡 稲築町
1%
八女郡 立花町
1%
八女郡 星野村
1%
東松浦郡 浜玉町
1%
東松浦郡 北波多村
1%
佐賀郡 諸富町
1%
東松浦郡 七山村
1%
佐賀郡 川副町
1%
佐賀郡 東与賀町
1%
壱岐郡 勝本町
1%
下県郡 美津島町
1%
南松浦郡 富江町
1%
南松浦郡 三井楽町
1%
北高来郡 小長井町
1%
北松浦郡 生月町
1%
南高来郡 小浜町
1%
西彼杵郡 琴海町
1%
南高来郡 布津町
1%
天草郡 大矢野町
1%
葦北郡 田浦町
1%
鹿本郡 菊鹿町
1%
鹿本郡 鹿央町
1%
阿蘇郡 白水村
1%
菊池郡 七城町
1%
八代郡 竜北町
1%
玉名郡 岱明町
1%
玉名郡 天水町
1%
玉名郡 菊水町
1%
玉名郡 三加和町
1%
天草郡 御所浦町
1%
天草郡 栖本町
1%
天草郡 新和町
1%
天草郡 河浦町
1%
大分郡 野津原町
1%
下毛郡 山国町
1%
南海部郡 弥生町
1%
南海部郡 直川村
1%
南海部郡 蒲江町
1%
日田郡 天瀬町
1%
日田郡 上津江村
1%
西国東郡 香々地町
1%
直入郡 久住町
1%
薩摩郡 入来町
1%
出水郡 高尾野町
1%
中頭郡 与那城町
1%
磐田郡 浅羽町
0%
邑智郡 羽須美村
0%
那賀郡 鷲敷町
0%
美馬郡 半田町
0%
三豊郡 大野原町
0%
三豊郡 仁尾町
0%
仲多度郡 琴南町
0%
仲多度郡 仲南町
0%
越智郡 吉海町
0%
山門郡 三橋町
0%
朝倉郡 宝珠山村
0%
築上郡 椎田町
0%
田川郡 赤池町
0%
嘉穂郡 筑穂町
0%
嘉穂郡 穂波町
0%
嘉穂郡 頴田町
0%
八女郡 上陽町
0%
八女郡 矢部村
0%
東松浦郡 相知町
0%
東松浦郡 肥前町
0%
小城郡 芦刈町
0%
小城郡 牛津町
0%
三養基郡 北茂安町
0%
神埼郡 三田川町
0%
下県郡 豊玉町
0%
南松浦郡 玉之浦町
0%
南松浦郡 有川町
0%
南松浦郡 奈良尾町
0%
西彼杵郡 外海町
0%
西彼杵郡 崎戸町
0%
西彼杵郡 大瀬戸町
0%
北松浦郡 世知原町
0%
南高来郡 千々石町
0%
南高来郡 南串山町
0%
北松浦郡 江迎町
0%
北松浦郡 鹿町町
0%
球磨郡 岡原村
0%
球磨郡 須恵村
0%
天草郡 姫戸町
0%
天草郡 龍ヶ岳町
0%
下益城郡 砥用町
0%
阿蘇郡 蘇陽町
0%
上益城郡 矢部町
0%
上益城郡 清和村
0%
阿蘇郡 久木野村
0%
阿蘇郡 長陽村
0%
菊池郡 旭志村
0%
菊池郡 泗水町
0%
玉名郡 横島町
0%
天草郡 倉岳町
0%
下益城郡 富合町
0%
大野郡 朝地町
0%
西国東郡 真玉町
0%
薩摩郡 樋脇町
0%
薩摩郡 宮之城町
0%
姶良郡 栗野町
0%
No matching quizzes found
Score Distribution
Percent of People with Each Score
Percentile by Number Answered
Your Score History
You have not taken this quiz